header

Nuclear deterrence in Europe (Record no. 231869)

MARC details
000 -LEADER
fixed length control field 01508nam a2200373 a 4500
100 1# - MAIN ENTRY--AUTHOR NAME
Personal name Quinlivan, J. T.
245 10 - TITLE STATEMENT
Title Nuclear deterrence in Europe
260 ## - PUBLICATION, DISTRIBUTION, ETC. (IMPRINT)
Place of publication Santa Monica, Calif. :
Name of publisher RAND Corp.,
Year of publication 2011.
300 ## - PHYSICAL DESCRIPTION
Number of Pages xviii, 91 p.
490 1# - SERIES STATEMENT
Series statement Project Air Force
500 ## - GENERAL NOTE
General note "Prepared for the United States Air Force. Approved for public release; distribution unlimited."
650 #0 - SUBJECT ADDED ENTRY--TOPICAL TERM
Topical Term Nuclear weapons
Topical Term Deterrence (Strategy)
700 1# - ADDED ENTRY--PERSONAL NAME
Personal name Oliker, Olga.
856 40 - ELECTRONIC LOCATION AND ACCESS
Uniform Resource Identifier http://site.ebrary.com/lib/rucke/Doc?id=10497678

No items available.

© 2026 Rongo University
Contact us: librarian | system librarian | Rongo university